01530nam a2200241 a 450000100060000000300080000600500170001400800410003102000150007202000220008703500190010904000290012804100080015708200220016524501230018726000690031030000290037949000460040850400510045450507250050565000340123070000240126417908BD-RjUL20211209000217.0140219s1974 enk b 001 1 eng d a0874715474 a0874715466 (pbk.) a(BD-RjUL)17966 aLCbengcLCdLCdBD-RjUL aeng00a821.508bENG 197400aEnglish poetry, 1700-1780 :bcontemporaries of Swift and Johnson /cedited, with an introduction by David W. Lindsay. aLondon :bDent ;aTotowa, N.J. :bRowman and Littlefield,c1974. axxviii, 239 p. ;c20 cm.0 aRowman and Littlefield university library aIncludes bibliographical references and index.0 aPomfret J. The choice.--Philips J. The splendid shilling.--Watts, I. The day of judgement.--Philips. A. To the Earl of Dorset.--Gay J. Trivia.--Parnell, T. A night-piece on death.--Prior, M. Alma.--Ramsay, A. Lucky Spence's last advice.--Dyer, J. Grongar Hill.--Savage, R. The bastard.--Young, E. Of life, death, and immortality.--Shenstone, W. The schoolmistress.--Byrom, J. A dialogue between Sir John Jobson and Harry Homespun.--Macpherson, J. Oithona.--Churchill, C. The Rosciad.--Smart, C. A song to David.--Cunningham J. Newcastle beer.--Akenside, M. The pleasures of the imagination, book IV.--Chatterton, T. An excelente balade of charitie.--Fergusson, R. Hallow-fair.--Langhorne, J. The country justice, pt. II. 0aEnglish poetryy18th century.1 aLindsay, David W.,.